ANSIBLE - Statistiques

Statistiques générales
  • Ce quiz a été pris 3 fois
  • Le résultat moyen est 5 sur 10
Answers on the Grid
Answers color-coded by a green-red scale on the quiz's grid according to % correct below.
Agentless (pas d’agent à installer)
Utilise SSH pour se connecter
Utilise uniquement HTTP pour se connecter
Playbook en YAML
Écrit en JSON uniquement
Nécessite un agent sur chaque machine
Ne peut gérer qu’une seule machine à la fois
Fichier inventory (liste des machines)
Remplace un firewall
Idempotence (ne refait pas si déjà fait)
Modules (ex: apt, copy, service)
Peut automatiser plusieurs machines en même temps
Utilise des clés SSH pour l’authentification
Sert uniquement à surveiller les logs
Fonctionne uniquement avec Windows
Permet de déployer des configurations
Oblige l’utilisation d’un mot de passe
Fonctionne avec Linux principalement
 
Statistiques - réponses
Réponse % Correct
Playbook en YAML
100%
Utilise SSH pour se connecter
100%
Fichier inventory (liste des machines)
50%
Fonctionne avec Linux principalement
50%
Modules (ex: apt, copy, service)
50%
Peut automatiser plusieurs machines en même temps
50%
Utilise des clés SSH pour l’authentification
50%
Agentless (pas d’agent à installer)
0%
Idempotence (ne refait pas si déjà fait)
0%
Permet de déployer des configurations
0%
Aucun quiz correspondant
Distribution des résultats
% des personnes avec chaque résultat
Percentile par nombre de réponses
Votre historique - résultats
Vous n’avez pas pris ce quiz